000 00507pam a2200181 a 4500
020 _a0801825318
020 _a0801825326 (pbk.)
040 _cDLC
082 0 0 _a338 THE 1981 A013 Or.
100 1 _aDe Janvry, Alain.
245 1 4 _aThe agrarian question and reformism in Latin America /
260 _aBaltimore :
_bThe Johns Hopkins University Press,
_cc1981.
300 _axvi, 311 p. ;
_c24 cm.
500 _aIncludes index.
650 0 _aAgriculture and state
650 0 _aLand reform
942 _cEK
999 _c13213
_d13213